[Event "Warsaw YMCA Winter-B 135th"]
[Site "Warsaw"]
[Date "2014.02.05"]
[Round "5"]
[White "Rozowski, Marcin"]
[Black "Barc, Michal"]
[Result "1/2-1/2"]
[WhiteElo "1894"]
[BlackElo "1849"]
[PlyCount "77"]
[EventDate "2014.01.08"]
[EventType "tourn"]
[EventRounds "13"]
[EventCountry "POL"]
[SourceTitle "EXT 2015"]
[Source "ChessBase"]
[SourceDate "2014.11.20"]
[SourceVersion "1"]
[SourceVersionDate "2014.11.20"]
[SourceQuality "1"]

1. e4 e6 2. d4 d5 3. exd5 exd5 4. Nf3 Nf6 5. c4 Bb4+ 6. Nc3 0-0 7. Be2 dxc4 8. 0-0 Bxc3 9. bxc3 b5 10. a4 c6 11. Ne5 Nd5 12. Bd2 Qd6 13. Qc2 f6 14. Ng4 Nd7 15. Bf3 a6 16. Be4 f5 17. Bxf5 N7f6 18. Bxc8 Raxc8 19. Ne5 c5 20. Nf3 b4 21. dxc5 Qxc5 22. cxb4 Nxb4 23. Bxb4 Qxb4 24. Rab1 Qc5 25. h4 h6 26. Rfe1 Ng4 27. Re4 Qf5 28. Rc1 c3 29. Qb3+ Kh7 30. Rc4 Rxc4 31. Qxc4 Rc8 32. Qxa6 c2 33. Qe2 Nf6 34. Nd4 Qd7 35. Rxc2 Re8 36. Qd3+ Kh8 37. Rc1 Rd8 38. Rd1 Qxa4 39. f3 1/2-1/2